01059nam a22002177a 45000010005000000030004000050050017000090080041000260200015000670400018000820500017001001000037001172450071001542600042002253000036002675000021003035050433003246500042007576500022007996500020008212512HMS20250617103051.0250617e2006 cl ald|frnotu 001 0 spa  a9562202569 ahmsbspachms04aWS420 bM3851 aMartínez, José Luis. eautor10aCuidados del recién nacido / cJosé Luis Martínez. h[libro] aSantiago : bMediterráneo, cc 2003 a201 páginas :bilustraciones  aIncluye índice ac. 1. Preparándose para recibir un hijo. -- c. 2. Atención inmediata del recién nacido. -- 3. Establecer un vínculo: Apego. -- c. 4. Lactancia materna. -- c. 5. Exámenes del laboratorio del recién nacido. -- c. 6. Fenómenos normales del recién nacido. -- c. 7. Cuidados del recién nacido. -- c. 8. Control de salud por el pediatra. -- c. 9. Condiciones especiales. -- c. 10. El recién nacido hospitalizado.  7aRecién nacido xAtención médica 7aNiños xCuidado 7aSalud infantil.